Kalkulačné metódy a ich optimalizácia vo výrobnom podniku diplomová práca

Uložené v:
Podrobná bibliografia
Hlavný autor: Palčik, Martin
Korporativný autor: Podnikovohospodárska fakulta EU so sídlom v Košiciach. Katedra účtovníctva a financií
Ďalší autori: Neufeld, Juraj, 1946-
Médium: Kniha
Jazyk:Slovak
Vydavateľské údaje: Košice 2013
Tagy: Pridať tag
Žiadne tagy, Buďte prvý, kto otaguje tento záznam!

MARC

LEADER 00000nbm a2200000 4500
001 0170269
005 20161109102333.5
041 0 |a slo 
044 |a SK 
245 1 0 |a Kalkulačné metódy a ich optimalizácia vo výrobnom podniku  |b diplomová práca  |c Martin Palčik ; školiteľ: Juraj Neufeld 
264 1 |a Košice  |c 2013 
300 |a 63 s. 
100 1 |a Palčik, Martin 
700 1 |a Neufeld, Juraj, 1946- 
710 2 |a Podnikovohospodárska fakulta EU so sídlom v Košiciach. Katedra účtovníctva a financií